=LDR 00000nam 2200000 4500 =001 INLIS000000000031549 =005 20200415094014 =035 ##$$a 0010-061300000031549 =008 200415################g##########0#ind## =041 ##$$a ind =082 ##$$a 2x1.6 =090 ##$$a 2x1.6, SID, k =100 1#$$a Siddiqi, Mazheruddin =245 1#$$a Konsep Qur'an Tentang Sejarah , /$c Mazheruddin Siddiqi; Penerjemah, Nur rachmi...[Et.Al ] =260 ##$$a Jakarta :$b Pustaka Firdaus,$c 2003 =300 ##$$a xiv,217 hlm , ; $c 14 x 21 cm =650 #4$$a AL'QURAN =850 ##$$a NBPNMAT =020 ##$$a 979-541-160-8 =084 ##$$a 2x1.6 SID k =250 ##$$a cet.2 =990 ##$$a 20904533 =990 ##$$a 20904534 =990 ##$$a 0001/BPAP-NTB/20142014 =990 ##$$a 20904631 =990 ##$$a 20904532 =990 ##$$a 20904534 =990 ##$$a 20904533 =990 ##$$a 0001/BPAP-NTB/20142014 =990 ##$$a 20904631 =990 ##$$a 20904532